书目信息 |
| 题名: |
指导、语言和行为
|
|
| 作者: | 莫里斯 著 ;罗兰 , 周易 译 | |
| 分册: | ||
| 出版信息: | 上海 上海人民出版社 1989.09 |
|
| 页数: | 408页 | |
| 开本: | 20cm | |
| 丛书名: | ||
| 单 册: | ||
| 中图分类: | B712.59 | |
| 科图分类: | ||
| 主题词: | 哲学--美国--现代 | |
| 电子资源: | ||
| ISBN: | 7-208-00155-3 | |
| 000 | 00639nam0 2200217 45 | |
| 001 | 0404221567 | |
| 005 | 20050322150108.2 | |
| 010 | @a7-208-00155-3@dCNY7.40 | |
| 100 | @a20040422d1989 km y0chiy0120 ea | |
| 101 | 0 | @achi@ceng |
| 105 | @ay z 000yy | |
| 200 | 1 | @a指导、语言和行为@AZhi Dao、Yu Yan He Xing Wei@f(美)莫里斯著@F(Mei)Mo Li Si Zhu@g罗兰,周易译 |
| 210 | @a上海@c上海人民出版社@d1989.09 | |
| 215 | @a408页@d20cm | |
| 606 | 0 | @a哲学@x美国@x现代 |
| 690 | @aB712.59@v3 | |
| 701 | 0 | @a莫里斯@4著 |
| 702 | 0 | @a罗兰@ALuo Lan@4译 |
| 702 | 0 | @a周易@AZhou Yi@4译 |
| 801 | @aCN@bPftUser@c20040422 | |
| 905 | @dB712.59@e16@f1@b257042 | |
| 指导、语言和行为/(美)莫里斯著/罗兰,周易译.-上海:上海人民出版社,1989.09 |
| 408页;20cm |
| ISBN 7-208-00155-3:CNY7.40 |
| ● |
| 相关链接 |
|
|
|
|
正题名:指导、语言和行为
索取号:B712.59/16
 
预约/预借
| 序号 | 登录号 | 条形码 | 馆藏地/架位号 | 状态 | 备注 |
| 1 | 0257039 | 000578244 | 第一样本阅览室/ [索取号:B712.59/16] | 在馆 | |
| 2 | 0257040 | 000578226 | 密集书库/ [索取号:B712.59/16] | 在馆 | |
| 3 | 0257041 | 000578235 | 密集书库/ [索取号:B712.59/16] | 在馆 | |
| 4 | 0257042 | 002017720 | 第一借阅区/ [索取号:B712.59/16] | 在馆 |